| 000 | 00475pab a2200157 454500 | ||
|---|---|---|---|
| 008 | 180718b2006 xxu||||| |||| 00| 0 eng d | ||
| 100 | _aDavis, Nancy J. | ||
| 245 | _aThe egalitarian face of Islamic orthodoxy: support for Islamic law and economic justice in seven Muslim-majority nations | ||
| 260 | _c2006 | ||
| 300 | _aP.167-190. | ||
| 362 | _aApr | ||
| 650 | _aIslamic law | ||
| 700 | _aRobinson, Robert V. | ||
| 773 | _aAmerican Sociological Review | ||
| 909 | _a72187 | ||
| 999 |
_c72187 _d72187 |
||